000 00329nam a22001457a 4500
008 210224b ||||| |||| 00| 0 eng d
020 _a9788776886691
041 _aalb
080 _a159.9
082 _a159.9
100 _a48
101 _aPSI
245 _aDiantecis Evolucioni i nje Shkence
_cHubbard, R
942 _2udc
_cBK
999 _c55119
_d55119